000 00271nam a2200121Ia 4500
008 191201s2004 xx 000 0 und d
100 _aIIBF
245 0 _aBank Financial Management
260 _aN.Delhi
_bTexman
_c2004
300 _a381
650 _aMBA
942 _2ddc
_cBK
999 _c3908
_d3908